Southville International School and Colleges
Your cart is empty.
  • Cart
  • Lists
    Public lists Eva Luna New books Lux_list list_1
    Your lists Log in to create your own lists
  • Log in to your account
  • Your cookies
  • Search history
Southville International School and Colleges
  • Advanced search
  • Recent comments
  • Most popular
  • Libraries

Log in to your account

Log in with GOOGLE


If you do not have an external account, but do have a local account, you can still log in:

  1. Home
  2. MARC view: Treatment of language disorders in children /
Normal view MARC view ISBD view

Treatment of language disorders in children / (Record no. 23159)

[ view plain ]
MARC details
000 -LEADER
fixed length control field 00650nam a2200205 a 4500
005 - DATE AND TIME OF LATEST TRANSACTION
control field 20140310183443.0
008 - FIXED-LENGTH DATA ELEMENTS--GENERAL INFORMATION
fixed length control field 080728s19uu xx 00 eng d
020 ## - INTERNATIONAL STANDARD BOOK NUMBER
International Standard Book Number 1557666881
050 ## - LIBRARY OF CONGRESS CALL NUMBER
Classification number RJ 496.L35
Item number .T74 2006
245 ## - TITLE STATEMENT
Title Treatment of language disorders in children /
Statement of responsibility, etc edited by Rebecca J. McCauley.
260 ## - PUBLICATION, DISTRIBUTION, ETC. (IMPRINT)
Place of publication, distribution, etc Baltimore :
Name of publisher, distributor, etc Paul Brookes Publishing Co,
Date of publication, distribution, etc 2006.
300 ## - PHYSICAL DESCRIPTION
Extent 584 p. :
Other physical details ill. ;
Dimensions 25 cm.
521 ## - TARGET AUDIENCE NOTE
Target audience note
650 ## - SUBJECT ADDED ENTRY--TOPICAL TERM
Topical term or geographic name as entry element Special education books.
650 ## - SUBJECT ADDED ENTRY--TOPICAL TERM
Topical term or geographic name as entry element Language disorders in children.
650 ## - SUBJECT ADDED ENTRY--TOPICAL TERM
Topical term or geographic name as entry element Language disorders in children
General subdivision Treatment.
700 ## - ADDED ENTRY--PERSONAL NAME
Personal name Fey, Marc E.
942 ## - ADDED ENTRY ELEMENTS (KOHA)
Koha item type Books
Source of classification or shelving scheme Library of Congress Classification
Call number prefix Foreign
Holdings
Withdrawn status Lost status Source of classification or shelving scheme Damaged status Home library Current library Shelving location Date acquired Source of acquisition Total Checkouts Full call number Barcode Date last seen Copy number Price effective from Koha item type
    Library of Congress Classification   College Library College Library General Circulation Section 10/02/2010 Donation   RJ 496.L35 .T74 2006 C9713 05/15/2018 1 03/10/2014 Books

Treatment of language disorders in children /

APA

Fey M. E., . (2006). Treatment of language disorders in children. Baltimore: Paul Brookes Publishing Co.

Chicago

Fey Marc E, . 2006. Treatment of language disorders in children. Baltimore: Paul Brookes Publishing Co.

Harvard

Fey M. E., . (2006). Treatment of language disorders in children. Baltimore: Paul Brookes Publishing Co.

MLA

Fey Marc E, . Treatment of language disorders in children. Baltimore: Paul Brookes Publishing Co. 2006.

  • Place hold
  • Print
  • Cite
  • Add to your cart (remove)
  • Save record
    BIBTEX Dublin Core MARCXML MARC (non-Unicode/MARC-8) MARC (Unicode/UTF-8) MARC (Unicode/UTF-8, Standard) MODS (XML) RIS
  • More searches
    Search for this title in:
    Other Libraries (WorldCat) Other Databases (Google Scholar) Online Stores (Bookfinder.com) Open Library (openlibrary.org)

Exporting to Dublin Core...

SOUTHVILLE LIBRARY

Southville International School and Colleges Library

1281 Tropical Ave. Cor. Luxembourg St., BF Homes International, Las Pinas City

Tel. No. 8256374 / 252358 Loc. 117/146

Powered by Koha